000 00449nmm a2200157Ia 4500
008 251105s9999||||xx |||||||||||||||||und||
020 _a9788415792963
041 _aspa
100 _aAranzadi del Cerro, Marta
245 0 _aLas recetas que adelgazan de Marta Aranzadi
264 _a[Madrid, España] :
_bExLibric,
_c2013
300 _a265 páginas
650 _aCooking
856 _uhttps://public.digitaliapublishing.com/a/85434
942 _cCF
999 _c77085
_d77085